The three billy goats gruff / (Record no. 5240)
[ view plain ]
| 000 -LEADER | |
|---|---|
| fixed length control field | 00937nam a22002897a 4500 |
| 001 - CONTROL NUMBER | |
| control field | 5240 |
| 003 - CONTROL NUMBER IDENTIFIER | |
| control field | FISKH |
| 005 - DATE AND TIME OF LATEST TRANSACTION | |
| control field | 20241121084554.0 |
| 008 - FIXED-LENGTH DATA ELEMENTS--GENERAL INFORMATION | |
| fixed length control field | 241121b cb ||||| |||| 00| 0 eng d |
| 020 ## - INTERNATIONAL STANDARD BOOK NUMBER | |
| International Standard Book Number | 1842739409 |
| 040 ## - CATALOGING SOURCE | |
| Original cataloging agency | FISKH |
| Language of cataloging | eng |
| Transcribing agency | FISKH |
| Modifying agency | FISKH |
| 082 ## - DEWEY DECIMAL CLASSIFICATION NUMBER | |
| Classification number | 398.2 |
| 100 ## - MAIN ENTRY--PERSONAL NAME | |
| Personal name | Goldsack, Gaby |
| Dates associated with a name | (1966-) |
| 245 ## - TITLE STATEMENT | |
| Title | The three billy goats gruff / |
| Statement of responsibility, etc. | Retold by Gaby Goldsack Illustrated by Kim Blundell Designed by Jester Designs Lanuage consultant: Betty Root |
| 250 ## - EDITION STATEMENT | |
| Edition statement | Edition in 2002 |
| 260 ## - PUBLICATION, DISTRIBUTION, ETC. | |
| Place of publication, distribution, etc. | London : |
| Name of publisher, distributor, etc. | Marks&Spencer, |
| Date of publication, distribution, etc. | 2002. |
| 300 ## - PHYSICAL DESCRIPTION | |
| Extent | 29 pages : |
| Other physical details | Color illustrations ; |
| Dimensions | 24 cm |
| 505 ## - FORMATTED CONTENTS NOTE | |
| Formatted contents note | G<br/> |
| 520 ## - SUMMARY, ETC. | |
| Summary, etc. | Three billy goats attempt to cross a bridge guarded by a hungry troll. |
| 521 8# - TARGET AUDIENCE NOTE | |
| Target audience note | 340L<br/> |
| Source | Lexile<br/> |
| 521 8# - TARGET AUDIENCE NOTE | |
| Target audience note | G<br/> |
| Source | Raz-Plus<br/> |
| 650 ## - SUBJECT ADDED ENTRY--TOPICAL TERM | |
| Source of heading or term | Children's |
| Topical term or geographic name entry element | Fairy tales |
| 650 ## - SUBJECT ADDED ENTRY--TOPICAL TERM | |
| Source of heading or term | Fiction |
| Topical term or geographic name entry element | Classic story |
| 700 ## - ADDED ENTRY--PERSONAL NAME | |
| Personal name | Blundell, Kim |
| Dates associated with a name | Illustrator |
| 942 ## - ADDED ENTRY ELEMENTS (KOHA) | |
| Source of classification or shelving scheme | Dewey Decimal Classification |
| Koha item type | Books |
| Suppress in OPAC | No |
| Withdrawn status | Lost status | Source of classification or shelving scheme | Damaged status | Not for loan | Collection | Home library | Current library | Shelving location | Date acquired | Total Checkouts | Full call number | Barcode | Date last seen | Copy number | Price effective from | Koha item type |
|---|---|---|---|---|---|---|---|---|---|---|---|---|---|---|---|---|
| Dewey Decimal Classification | Fiction | Footprints International School Library Network Toul Kork Campus | Footprints International School Library Network Toul Kork Campus | TK Primary Library Room(4th Floor), Bookcase 7, Shelves 57-60, Dark Green Books | 11/21/2024 | GOL 398.2 | 2024-2337 | 11/21/2024 | 1 | 11/21/2024 | Books |
